1873 1963 1020 1752 1122 1328 1833 1941 1251 1052 1884 1920 1376 1890 1314 1469 1410 1561 1516 1711 1076 1300 1393 1179 1730 1326 1946 1190 1321 1039 1911 1823 1941 1752 1697 1096 1502 1681 1637 1540 1092 1981 1111 1361 1250 1068 1910 1482 1275 1308 1697 1744 1800 1093 1286 1803 1499 1418 1955 1043 1179 1365 1002 1940 1080 1249 1651 1976 1418 1887 1702 1082 1474 1811 1279 1632 1966 1547 1844 1245 1733 1701 1487 1835 1745 1608 1411 1648 1190 1313 1313 1928 1942 1246 1961 1709 1986 1077 1086 BCNSPRNW ULIB Ver.6.0+V

เปลี่ยนเป็นภาษาไทย

Change to English
 แสดงรายละเอียดบรรณานุกรม
  กลับหน้าหลัก

Brief Record : Get Marc (ISO 2709) : E-mail record : QR code < ปิดหน้าต่าง
LEADER : 00000nam 2200000uu 4500
001    13399128365
003     ULIB
008    020711s2565 th a 000 0 tha d
020    ^a9786165902557
060    ^aWL354^bฐ162บ
100    ^aฐากูร เอี้ยวสกุล :บรรณาธิการ
245    ^aบาดเจ็บที่สมองและกระดูกสันหลังส่วนคอ (TRAUMATIC BRAIN INJURY AND CERVICAL SPINE INJURY)
250    ^aพิมพ์ครั้งที่ 1
260    ^aสงขลา :^bสาขาวิชาศัลยศาสตร์ คณะแพทยศาสตร์ มหาวิทยาลัยสงขลานครินทร์,^c2565
300    ^a432 หน้า;^b26 ซม.
650    ^aสมอง^xบาดแผลและบาดเจ็บ
650    ^aกระดูกสันหลัง^xบาดแผลและบาดเจ็บ
945    ^p890^l0^i009806
945    ^p890^l0^i009807
945    ^p890^l0^i009808
945    ^p890^l0^i009809
999    ^aประนอม เกษจรัล
รายการนี้ยังไม่มีแท็ก
คุณยังไม่ได้ล็อกอิน คุณสามารถมีกิจกรรมร่วมกับเว็บไซต์ได้ แต่ต้องล็อกอินก่อน ::
  ล็อกอิน

รายการสื่อสารสนเทศ

ลำดับที่ ประเภท เลขเรียก/บาร์โค้ด สถานที่ สถานะ
1. วิทยาศาสตร์การแพทย์ และสุขภาพ
หนังสือสำรอง
สถานะ=หนังสือสำรอง
WL354 ฐ162บ ฉ.1 
  Barcode: 009806
ห้องสมุดวิทยาเขตสวรรค์ประชารักษ์
►หนังสือทั่วไป
บนชั้น
2. วิทยาศาสตร์การแพทย์ และสุขภาพ
วิทยาศาสตร์การแพทย์ และสุขภาพ
WL354 ฐ162บ ฉ.2 
  Barcode: 009807
ห้องสมุดวิทยาเขตสวรรค์ประชารักษ์
►หนังสือทั่วไป
บนชั้น
3. วิทยาศาสตร์การแพทย์ และสุขภาพ
วิทยาศาสตร์การแพทย์ และสุขภาพ
WL354 ฐ162บ ฉ.3 
  Barcode: 009808
ห้องสมุดวิทยาเขตสวรรค์ประชารักษ์
►หนังสือทั่วไป
ถูกยืม กำหนดส่งวันที่ 15 พฤษภาคม 2569
  จอง
4. วิทยาศาสตร์การแพทย์ และสุขภาพ
วิทยาศาสตร์การแพทย์ และสุขภาพ
WL354 ฐ162บ ฉ.4 
  Barcode: 009809
ห้องสมุดวิทยาเขตสวรรค์ประชารักษ์
►หนังสือทั่วไป
บนชั้น

BibComment


ยังไม่เคยถูกคอมเมนท์

คอมเมนท์ทรัพยากรรายการนี้
  คอมเมนท์: บาดเจ็บที่สมองแล..


 Copyright 2026. Bcnsprnw @Library